| 000 | 00943nas a2200289 4500 | ||
|---|---|---|---|
| 001 | BR0203625 | ||
| 003 | BR-BrBNA | ||
| 005 | 20231205103132.0 | ||
| 007 | ta | ||
| 008 | 230509b bl.|||p| |||| 00| 00por d | ||
| 040 |
_aBR-BrBNA _bpor _cBiblioteca Nacional de Agricultura |
||
| 041 | _a(Pt) | ||
| 072 | _aL70 | ||
| 100 | 1 | _aBomfim, T.C.B. | |
| 100 | 1 | _aSoares, G.L.G. | |
| 100 | 1 | _aSalgado, C.A. | |
| 100 | 1 | _aKaplan, M.A.C. | |
| 245 | 1 | _aToxidez seletiva do extrato etanólico bruto de Capsicum baccatum L. sobre Biomphalaria glabrata Say e Biomphalaria tenagophila Orbigny | |
| 650 | _aPLANTA TÓXICA | ||
| 650 | _aEXTRATO VEGETAL | ||
| 650 | _aEXPERIÊNCIA DE LABORATÓRIO | ||
| 650 | _aMEDICAMENTO | ||
| 650 | _aESQUISTOSSOMOSE | ||
| 773 | 0 |
_tRevista Brasileira de Plantas Medicinais (Brazil) _xISSN 1516-0572 _g(Apr 2002), v. 4(2) p. 55-59 _wBR0203625 |
|
| 909 |
_a202311 _bLúcia _c55 _dLúcia Elande |
||
| 942 |
_2AGRIS _n0 _cANA |
||
| 999 |
_c171276 _d171276 |
||